A Richter Nyrt. pénzügyi helyzetének elemzése

Bibliographic Details
Main Author: Gáti Dóra
Other Authors: Siklósi Dr. Ágnes
Format: Final Paper
Kulcsszavak:Richter Gedeon Nyrt.
Cash Flow
Pénzügyi helyzet elemzése
Online Access:http://dolgozattar.uni-bge.hu/15916

MARC

LEADER 00000nta a2200000 i 4500
001 dolg15916
005 20190403120843.0
008 180515suuuu hu o 000 hun d
040 |a BGE Dolgozattár Repozitórium  |b hun 
041 |a hu 
100 1 |a Gáti Dóra 
245 1 2 |a A Richter Nyrt. pénzügyi helyzetének elemzése  |c Gáti Dóra  |h [elektronikus dokumentum] 
516 |a Final_paper 
695 |a Richter Gedeon Nyrt. 
695 |a Cash Flow 
695 |a Pénzügyi helyzet elemzése 
700 1 |a Siklósi Dr. Ágnes  |e ths 
856 4 0 |u http://dolgozattar.uni-bge.hu/15916/1/A%20Richter%20Nyrt.%20p%C3%A9nz%C3%BCgyi%20helyzet%C3%A9nek%20elemz%C3%A9se.pdf  |z Dokumentum-elérés 
856 4 0 |u http://dolgozattar.uni-bge.hu/15916/2/Nyilatkozat.pdf  |z Dokumentum-elérés